| 000 | 00359nam a22001337a 4500 | ||
|---|---|---|---|
| 999 |
_c130308 _d130308 |
||
| 008 | 200206b ||||| |||| 00| 0 eng d | ||
| 050 | _aDA537.F8 | ||
| 100 |
_aFulford, Roger _949033 |
||
| 245 |
_aGeorge the fourth _c/ Roger Fulford |
||
| 260 |
_aLondon _bDuckworth _c1935 |
||
| 300 |
_a299p. ; _c22cm. |
||
| 600 |
_aGeorge VI _949383 |
||
| 942 |
_2lcc _cMONOGRAPH |
||